[Event "Vaujany"]
[Site "?"]
[Date "2012.07.19"]
[Round "8.2"]
[White "Riff, Jean-Noel"]
[Black "Edouard, Romain"]
[Result "1/2-1/2"]
[WhiteElo "2500"]
[BlackElo "2646"]
[PlyCount "125"]
[EventDate "2012.07.20"]
[SourceDate "2012.07.12"]
[WhiteTeamCountry "IND"]
[BlackTeamCountry "URS"]

1. e4 c5 2. Nf3 Nc6 3. Bb5 Nf6 4. Nc3 g6 5. Bxc6 bxc6 6. d3 Bg7 7. h3 d6 8. Be3
O-O 9. O-O Nh5 10. Rb1 e5 11. a3 a5 12. b4 cxb4 13. axb4 axb4 14. Rxb4 f5 15.
exf5 gxf5 16. d4 Ba6 17. Re1 Qa5 18. Qb1 e4 19. Ra4 Qd8 20. Ng5 f4 21. Ne6 Qh4
22. Nxf8 fxe3 23. Rxe3 Rxf8 24. Nxe4 Bb5 25. Qa2+ d5 26. Ra8 Nf4 27. Rxf8+ Bxf8
28. Rg3+ Ng6 29. Rg4 Qe7 30. h4 Bc4 31. Qa4 Qe6 32. h5 dxe4 33. hxg6 Qxg4 34.
Qxc4+ Kh8 35. Qf7 Qd1+ 36. Kh2 Bd6+ 37. g3 Qh5+ 38. Kg2 Qxg6 39. Qd7 Bf8 40. c4
e3 41. fxe3 Qc2+ 42. Kg1 Qxc4 43. Qe8 Kg8 44. Kg2 Qd5+ 45. e4 Qd6 46. Kf3 Kg7
47. Qc8 h5 48. Qb7+ Kg6 49. Qc8 Bg7 50. Qf5+ Kh6 51. e5 Qa3+ 52. Kg2 Qe7 53.
Qc8 c5 54. Qc6+ Kg5 55. Qe4 Qe6 56. Qf4+ Kg6 57. Qe4+ Kh6 58. Qf4+ Kh7 59. Qe4+
Kg8 60. dxc5 Bxe5 61. c6 Qa2+ 62. Kh3 Qe6+ 63. Kg2 1/2-1/2

[Event "Vaujany"]
[Site "?"]
[Date "2012.07.19"]
[Round "8.3"]
[White "Epishin, Vladimir"]
[Black "Foisor, Ovidiu-Doru"]
[Result "1/2-1/2"]
[WhiteElo "2567"]
[BlackElo "2381"]
[PlyCount "76"]
[SourceDate "2012.07.12"]
[WhiteTeamCountry "IND"]
[BlackTeamCountry "URS"]

1. d4 g6 2. e4 Bg7 3. Nf3 d6 4. Bc4 e6 5. Bb3 Ne7 6. c3 Nd7 7. O-O a6 8. Re1 b6
9. Nbd2 Bb7 10. Nf1 h6 11. Ng3 c5 12. Bf4 e5 13. Be3 Qc7 14. h3 b5 15. Qe2 O-O
16. Rad1 Rad8 17. Nh4 c4 $1 18. Bc2 d5 $1 $132 19. dxe5 Nxe5 20. Bf4 (20. f4
Nd3) 20... dxe4 21. Bxe4 Bxe4 22. Qxe4 Rxd1 23. Rxd1 N7c6 24. Nf3 Re8 25. Nxe5
Nxe5 26. Qd5 Qe7 27. Bxe5 Qxe5 28. Qxe5 Bxe5 29. Nf1 Bb8 $5 (29... b4) 30. a4
$5 Kg7 31. axb5 axb5 32. Rd5 Re5 33. Ne3 (33. Rd7 $5 b4 $1 34. Rb7 bxc3 35.
bxc3 Bd6 36. Ne3 Bc5 37. Rb5 Bd6) 33... Rxd5 34. Nxd5 f5 35. Nb4 Bd6 36. Nc2
Bc5 37. Kf1 Kf6 38. Na1 Ke5 1/2-1/2

[Event "Vaujany"]
[Site "?"]
[Date "2012.07.19"]
[Round "8.4"]
[White "Foisor , Cristina-Adela"]
[Black "Nguyen, Chi-Minh"]
[Result "1/2-1/2"]
[WhiteElo "2401"]
[BlackElo "2405"]
[PlyCount "105"]
[SourceDate "2012.07.12"]
[WhiteTeamCountry "IND"]
[BlackTeamCountry "URS"]

1. g3 Nf6 2. Bg2 e6 3. Nf3 d5 4. O-O Be7 5. d4 O-O 6. c4 c6 7. Qc2 b6 8. b3 Bb7
9. Nc3 Nbd7 10. Rd1 Rc8 11. e4 c5 12. exd5 exd5 13. Bb2 Qc7 14. Re1 Rfe8 15.
Nxd5 Nxd5 16. cxd5 Nf6 17. dxc5 Nxd5 18. Qf5 g6 19. cxb6 Qxb6 20. Qg4 (20. Qh3
Nb4) 20... Nb4 21. Bd4 (21. Rad1 Nc2 22. Re2 Bf6 23. Rxe8+ Rxe8 24. Bxf6 Qxf6)
21... Qa5 22. Re5 (22. Rxe7 Rxe7 23. Qh4) 22... Qc7 23. Rh5 Rcd8 24. Be5 Bd6
25. Bxd6 (25. Qxb4 Rxe5) 25... Qxd6 26. Rb5 Nc2 27. Rxb7 Nxa1 28. Bf1 Qc6 29.
Rxa7 Re4 30. Rc7 Qxc7 31. Qxe4 Nc2 32. Kg2 Qc3 33. Bc4 Kg7 34. h4 Rd1 35. Qe7
Qf6 36. Qe4 Nd4 37. Nxd4 Rxd4 38. Qf3 Qxf3+ 39. Kxf3 f5 40. a4 Rd2 41. a5 Kf6
42. a6 Ra2 43. b4 Ra3+ 44. Ke2 Ke5 45. b5 Kd6 46. Bg8 (46. b6 Kc6 47. b7 Kc7
48. Bd3 $11) 46... h6 47. Bh7 Ra5 48. a7 Rxa7 49. Bxg6 Re7+ 50. Kd3 Re5 51. Kc4
Re4+ 52. Kd3 Re5 53. Kc4 1/2-1/2

[Event "Vaujany"]
[Site "?"]
[Date "2012.07.19"]
[Round "8.5"]
[White "Gozzoli, Yannick"]
[Black "Kantas, Toms"]
[Result "0-1"]
[WhiteElo "2547"]
[BlackElo "2354"]
[PlyCount "62"]
[SourceDate "2012.07.12"]
[WhiteTeamCountry "IND"]
[BlackTeamCountry "URS"]

1. d4 Nf6 2. c4 g6 3. f3 d5 4. cxd5 Nxd5 5. e4 Nb6 6. Nc3 Bg7 7. Be3 Nc6 8. d5
Ne5 9. Bd4 g5 10. h4 h6 11. hxg5 hxg5 12. Rxh8+ Bxh8 13. f4 Bg4 14. Be2 Bxe2
15. Qxe2 gxf4 16. O-O-O Qd6 17. Nb5 Qd7 18. Nf3 Nxf3 19. Bxh8 O-O-O 20. Bc3 a6
21. gxf3 axb5 22. Qd2 e6 23. Bf6 Rg8 24. d6 Qxd6 25. Qa5 Qc5+ 26. Kb1 Rg1 27.
Qd2 Rxd1+ 28. Qxd1 Qd6 29. Qg1 Qd3+ 30. Ka1 Kd7 31. b3 Qxf3 0-1

[Event "Vaujany"]
[Site "?"]
[Date "2012.07.19"]
[Round "8.6"]
[White "Horvath, Jozsef"]
[Black "Frick, Christoph"]
[Result "1-0"]
[WhiteElo "2531"]
[BlackElo "2258"]
[PlyCount "88"]
[SourceDate "2012.07.12"]
[WhiteTeamCountry "IND"]
[BlackTeamCountry "URS"]

1. d4 g6 2. e4 Bg7 3. Nf3 d6 4. c3 Nf6 5. Bd3 O-O 6. O-O Nc6 7. h3 e5 8. Re1 h6
9. Na3 Nh5 10. Nc2 Qf6 11. Bf1 (11. b4 Nf4 12. Bxf4 Qxf4 13. Ne3 Qf6 (13... Ne7
14. Nf5)) 11... Nf4 12. b4 a6 13. Bb2 g5 14. Ne3 h5 15. Nd5 Qd8 {Diagramme #}
16. Nh2 (16. Nxf4 gxf4 17. dxe5 dxe5) 16... exd4 17. cxd4 Nxd5 18. exd5 Nxb4
19. Qxh5 (19. Qb3 a5 20. a3 Na6 21. Qf3 h4 22. Rac1) 19... Bf5 20. Qf3 Bg6 (
20... Qd7) 21. Red1 Re8 $2 22. a3 Be4 23. Qb3 Nxd5 24. f3 Ne3 25. Qxe3 (25.
fxe4 Nxd1 26. Rxd1 Rxe4 27. Qxb7) 25... Bc2 26. Qd2 Bxd1 27. Rxd1 Qe7 28. Ng4
f5 29. Nf2 (29. Bc4+) 29... b5 30. Bd3 Rf8 31. Qc2 Qf7 32. Rc1 Rac8 (32... Rab8
) 33. Qc6 Qb3 34. Rc2 g4 35. hxg4 fxg4 36. Qe4 $18 Rf6 37. Nxg4 Re6 38. Qh7+
Kf8 39. Bf5 Re7 40. Qg6 Rce8 41. Nf6 Qe3+ 42. Kh2 Qf4+ 43. Kh3 Bxf6 44. Qxf6+
Rf7 (44... Rf7 45. Qh8+ Ke7 46. Rxc7+) 1-0

[Event "Vaujany"]
[Site "?"]
[Date "2012.07.19"]
[Round "8.7"]
[White "Torma, Robert"]
[Black "Csonka, Balazs"]
[Result "1/2-1/2"]
[WhiteElo "2424"]
[BlackElo "2306"]
[PlyCount "62"]
[SourceDate "2012.07.12"]
[WhiteTeamCountry "IND"]
[BlackTeamCountry "URS"]

1. e4 c6 2. c4 d5 3. cxd5 cxd5 4. exd5 Nf6 5. Nc3 Nxd5 6. Nf3 Nxc3 7. bxc3 g6
8. Bb5+ Nd7 9. d4 Bg7 10. O-O O-O 11. Re1 a6 12. Bd3 Re8 13. Rb1 e5 14. a4 exd4
15. Rxe8+ Qxe8 16. cxd4 Nf6 17. Bc4 Ne4 18. Bf4 Nc3 19. Qe1 Qxe1+ 20. Rxe1 b5
21. axb5 axb5 22. Bd2 bxc4 23. Re8+ Bf8 24. Bxc3 Bb7 25. Rxa8 Bxa8 26. Ne5 Bd5
27. Nd7 Bg7 28. Nb6 Be6 29. Kf1 Bf6 30. Ke2 Bd8 31. Na4 Bc7 1/2-1/2

[Event "Vaujany"]
[Site "?"]
[Date "2012.07.19"]
[Round "8.8"]
[White "Kukov, Velislav"]
[Black "Adam, Gyorgy jr"]
[Result "1-0"]
[WhiteElo "2404"]
[BlackElo "2139"]
[PlyCount "119"]
[EventDate "2012.07.20"]
[SourceDate "2012.07.12"]
[WhiteTeamCountry "IND"]
[BlackTeamCountry "URS"]

1. Nf3 c5 2. c3 d5 3. d4 cxd4 4. cxd4 Nc6 5. Nc3 Nf6 6. Bf4 Bg4 7. Ne5 e6 8.
Nxg4 Nxg4 9. e3 Nf6 10. a3 Be7 11. Bd3 O-O 12. O-O Na5 13. Na4 Qd7 14. Bc2 Qb5
15. Bg5 Rac8 16. Nc3 Qc4 17. Bd3 Qb3 18. Bc2 Qc4 19. f4 h6 20. Bh4 Rfe8 21. Rc1
Kf8 22. Ba4 Red8 23. b4 Qc7 24. bxa5 Qxa5 25. Be1 Bxa3 26. Nb1 Bb4 27. Bb3 Ne4
28. Bc2 Nc3 29. Nxc3 Bxc3 30. Bd3 b5 31. Rxc3 Rxc3 32. Bxc3 Qxc3 33. Qc2 Qxc2
34. Bxc2 Rc8 35. Bd3 b4 36. Kf2 a5 37. Ra1 Ra8 38. Ke2 a4 39. Bc2 a3 40. Bb3
Rc8 41. Kd2 Ke7 42. Rc1 Ra8 43. Ba2 Kd6 44. Kc2 Rc8+ 45. Kb1 Rxc1+ 46. Kxc1 Kc6
47. Kc2 f5 48. Kb3 Kb5 49. Bb1 h5 50. g3 g6 51. Bd3+ Ka5 52. Be2 Kb6 53. h3 Kc6
54. Ba6 Kd6 55. Bb5 g5 56. fxg5 e5 57. dxe5+ Kxe5 58. Bc6 Ke6 59. h4 Ke5 60.
Be8 1-0

[Event "Vaujany"]
[Site "?"]
[Date "2012.07.19"]
[Round "8.9"]
[White "Juhasz, Kristof"]
[Black "Philippe, Christophe"]
[Result "1-0"]
[WhiteElo "2365"]
[BlackElo "2403"]
[Annotator "Juhasz Kristof"]
[PlyCount "81"]
[SourceDate "2012.07.12"]
[WhiteTeamCountry "IND"]
[BlackTeamCountry "URS"]

1. d4 Nf6 2. c4 c5 3. d5 b5 4. cxb5 a6 5. bxa6 g6 6. Nc3 Bxa6 7. e4 Bxf1 8.
Kxf1 d6 9. Nf3 Bg7 10. g3 O-O 11. Kg2 Nbd7 12. Re1 Qb6 13. h3 Rfb8 14. e5 $5
dxe5 15. Nxe5 Nxe5 16. Rxe5 Rb7 (16... Qb7 17. Qf3 $14) 17. Qf3 $1 (17. Qe2
$143 Rd7 $1 (17... Re8 $6 18. a4 $16) 18. Qf3 Qb7 $132) 17... Ng4 $6 (17... Rd7
18. d6 $1 $16) 18. Re4 $1 (18. Re2 Ne5) 18... Nf6 (18... Ne5 $6 19. Qe2 $1 Qd6
20. Bf4 $18) 19. Re2 $16 (19. Re5 Ng4 20. Re4 Nf6 $11) 19... Qa6 (19... Rd7 20.
d6 Raa7 21. dxe7 Rxe7 22. Rxe7 Rxe7 23. Be3 $1 $16) 20. Bf4 $1 Rd8 (20... Nh5
21. Bg5 $16) 21. Rae1 (21. d6 $2 exd6 22. Bg5 d5 $1) 21... Rdd7 {Diagramme #} (
21... Nh5 22. Rxe7 Rxe7 23. Rxe7 $18) 22. d6 $1 $18 e6 (22... exd6 23. Re8+
Nxe8 24. Rxe8+ Bf8 25. Bh6 $18) 23. Be5 Ne8 24. Bxg7 Kxg7 (24... Nxg7 25. Ne4
Nf5 26. Nxc5 $18) 25. Ne4 Qc6 (25... Qa5 26. Rc1 $1 Rb5 27. a4 $1 Qxa4 28. Nxc5
$18) 26. Qc3+ Kg8 27. Kg1 c4 28. b3 f5 29. Nf6+ Nxf6 30. Qxf6 Rf7 (30... Rxd6
31. Rxe6 Rxe6 32. Rxe6 Qd7 33. Rd6 $18) 31. Qc3 $1 Qxd6 32. Rxe6 Qb4 33. Re8+
Rf8 34. Rxf8+ Qxf8 (34... Kxf8 35. Qf6+ Kg8 36. Re8+ Qf8 37. Rxf8#) 35. Qxc4+
Kg7 36. Qd4+ Kh6 37. Qd5 Rc7 38. Qd2+ Kg7 39. Rc1 Re7 40. Qd4+ Kh6 41. Qf4+ 1-0

[Event "Vaujany"]
[Site "?"]
[Date "2012.07.19"]
[Round "8.10"]
[White "Di Nicolantonio, Lucas"]
[Black "Olivier, Jean-Christophe"]
[Result "1-0"]
[WhiteElo "2321"]
[BlackElo "2394"]
[PlyCount "95"]
[SourceDate "2012.07.12"]
[WhiteTeamCountry "IND"]
[BlackTeamCountry "URS"]

1. d4 Nf6 2. Nf3 d5 3. c4 e6 4. Nc3 Be7 5. Bf4 O-O 6. e3 c5 7. dxc5 Nc6 8. a3
Bxc5 9. Qc2 Bd7 10. Rd1 Rc8 11. Be2 Qe7 12. Bg5 dxc4 13. Bxc4 Nb8 14. O-O h6
15. Bh4 Bxa3 16. Rd4 b5 17. bxa3 Rxc4 18. Rxc4 bxc4 19. Ne4 Rc8 20. Ne5 h5 21.
Qe2 Bc6 22. Nxf6+ gxf6 23. Qxh5 Nd7 24. Ng4 Be4 25. Rd1 Bg6 26. Qb5 Nb6 27.
Nxf6+ Kh8 28. Qe5 Qc5 29. Nd5+ Kg8 30. Be7 Qxd5 31. Rxd5 Nxd5 32. Bg5 Kh7 33.
e4 Nb6 34. Bd2 Rd8 35. Qg5 Rd3 36. h4 c3 37. Be3 Nc4 38. Qh6+ Kg8 39. Bg5 Ne5
40. f3 Nd7 41. h5 Bh7 42. Kh2 c2 43. Bc1 Rd1 44. Qg5+ Kf8 45. a4 f6 46. Ba3+
Kf7 47. Qe3 f5 48. Qh6 1-0

[Event "Vaujany"]
[Site "?"]
[Date "2012.07.19"]
[Round "8.11"]
[White "Valles, Manuel"]
[Black "Roos, Daniel"]
[Result "0-1"]
[WhiteElo "2248"]
[BlackElo "2383"]
[PlyCount "80"]
[SourceDate "2012.07.12"]
[WhiteTeamCountry "IND"]
[BlackTeamCountry "URS"]

1. d4 d5 2. c4 e6 3. Nc3 Be7 4. Nf3 Nf6 5. Bf4 O-O 6. e3 c6 7. h3 Nbd7 8. Qc2
Re8 9. cxd5 exd5 10. Bd3 Nf8 11. O-O-O Be6 12. Kb1 Qa5 13. g4 Rac8 14. Qa4 Qxa4
15. Nxa4 Ne4 16. Bxe4 dxe4 17. Nd2 f5 18. Nc5 Bxc5 19. dxc5 fxg4 20. hxg4 Bxg4
21. Rdg1 Be6 22. Rc1 Ng6 23. Bg3 Ne7 24. Nc4 Bxc4 25. Rxc4 Nf5 26. Bh2 Rcd8 27.
Kc1 Rd5 28. b4 Nh4 29. Bd6 Nf3 30. a4 Rd2 31. Rc2 Rd5 32. Bg3 h5 33. b5 h4 34.
Bd6 g5 35. bxc6 bxc6 36. Rb2 Ne5 37. Rb7 Nd3+ 38. Kb1 Nxc5 39. Bxc5 Rxc5 40.
Kb2 Rf8 0-1

[Event "Vaujany Principal"]
[Site "Villaz"]
[Date "2012.07.19"]
[Round "8.14"]
[White "Haver, Daan"]
[Black "Meng, Roger"]
[Result "0-1"]
[WhiteElo "1961"]
[BlackElo "2272"]
[Annotator "Jean-pierre,LEES"]
[PlyCount "60"]
[SourceDate "2012.07.12"]
[WhiteTeamCountry "IND"]
[BlackTeamCountry "URS"]
[TimeControl "240+2"]

{1024MB, Fritz8.ctg
} 1. e4 e5 2. Nf3 Nc6 3. Bb5 g6 4. d4 exd4 5. Bg5 f6 6. Bh4
d6 7. Nxd4 Bd7 8. Nc3 Bg7 9. O-O Nge7 10. Re1 Nxd4 11. Qxd4 Bxb5 12. Nxb5 a6
13. Nc3 O-O 14. Qb4 Rb8 15. Rad1 Qd7 16. Nd5 Nc6 17. Qc3 Qf7 18. Qb3 Kh8 19.
Re3 Ne5 20. Rc3 c6 21. Nb6 Qe7 22. Rh3 Nf7 23. Re3 Rbd8 24. h3 Bh6 25. Ree1
Rfe8 26. a4 Bg7 27. Re3 Kg8 28. a5 Qe5 29. Nc4 Qh5 30. Bg3 Qxd1+ 0-1

[Event "Vaujany"]
[Site "?"]
[Date "2012.07.19"]
[Round "8.13"]
[White "Gelas, Christophe"]
[Black "Kurayan, Ruslan"]
[Result "0-1"]
[WhiteElo "2148"]
[BlackElo "2318"]
[PlyCount "54"]
[SourceDate "2012.07.12"]
[WhiteTeamCountry "IND"]
[BlackTeamCountry "URS"]

1. d4 Nf6 2. c4 g6 3. f3 Bg7 4. e4 d6 5. Nc3 O-O 6. Bg5 c5 7. d5 a6 8. Qd2 b5
9. cxb5 axb5 10. Bxb5 Ba6 11. Nge2 Qa5 12. a4 Qb4 13. O-O Bxb5 14. axb5 Nbd7
15. Qc2 Rfb8 16. Rfb1 Ne8 17. Qd1 h6 18. Bd2 Nc7 19. b3 Rxa1 20. Rxa1 c4 21.
Ra4 Qc5+ 22. Kf1 Ne5 23. Be1 Nxb5 24. Bf2 Nxc3 25. Nxc3 Qc8 26. bxc4 Nxc4 27.
Qe2 Nb2 0-1

[Event "Vaujany Principal"]
[Site "Villaz"]
[Date "2012.07.19"]
[Round "8.15"]
[White "Ruecker, Benjamin"]
[Black "Kormos, Adam"]
[Result "0-1"]
[WhiteElo "2260"]
[BlackElo "2193"]
[Annotator "Jean-pierre,LEES"]
[PlyCount "32"]
[SourceDate "2012.07.12"]
[WhiteTeamCountry "IND"]
[BlackTeamCountry "URS"]
[TimeControl "240+2"]

{1024MB, Fritz8.ctg
} 1. d4 Nf6 2. c4 g6 3. Nc3 d5 4. Bf4 Bg7 5. e3 O-O 6. Qb3
(6. cxd5 Nxd5 7. Nxd5 Qxd5 8. Bxc7 Na6 (8... Nc6 9. Ne2 Bg4 10. f3 Rac8 11. Nc3
Qe6 12. Bf4 Nxd4 13. fxg4 Rfd8)) 6... dxc4 7. Bxc4 a6 8. a4 c5 9. d5 Qa5 10.
Rc1 Ne4 11. Nge2 Nd7 12. O-O Nd2 13. Qa2 Nxf1 14. Kxf1 b5 15. Bd3 c4 16. Be4
Bb7 0-1

[Event "Vaujany Principal"]
[Site "Villaz"]
[Date "2012.10.30"]
[Round "8.16"]
[White "Milchev, N."]
[Black "Chauvet, V."]
[Result "1-0"]
[WhiteElo "2421"]
[BlackElo "2118"]
[Annotator "Jean-pierre,LEES"]
[PlyCount "103"]
[SourceDate "2012.07.12"]
[WhiteTeamCountry "IND"]
[BlackTeamCountry "URS"]
[TimeControl "240+2"]

{1024MB, Fritz8.ctg
} 1. c4 e5 2. g3 Nf6 3. Bg2 Nc6 4. Nc3 Bb4 5. e3 O-O 6.
Nge2 Re8 7. a3 Bf8 8. d3 g6 9. b4 Bg7 10. Bb2 d6 11. h3 Ne7 12. O-O c6 13. d4
exd4 14. Nxd4 d5 15. Qb3 dxc4 16. Qxc4 Nf5 17. Rfd1 Qe7 18. b5 Nxe3 19. fxe3
Qxe3+ 20. Kh1 Qxg3 21. Nde2 Qe3 22. Rd3 Qe7 23. bxc6 bxc6 24. Nd4 Bb7 25. Nxc6
Qc7 26. Nb5 Qb6 27. Rd6 Qf2 28. Qd4 Re1+ 29. Rxe1 Qxe1+ 30. Qg1 Qe2 31. Bxf6
Bxf6 32. Rxf6 Qxb5 33. Qe3 Bxc6 34. Bxc6 Qb1+ 35. Qg1 Rb8 36. Bd5 Qxg1+ 37.
Kxg1 Rb1+ 38. Kg2 Rb2+ 39. Kg3 Rd2 40. Bxf7+ Kg7 41. Rf3 h5 42. Bb3 g5 43. a4
a5 44. Rc3 Rd4 45. Rc7+ Kf6 46. Bc2 Rd5 47. Rc6+ Kg7 48. Kf3 Re5 49. Be4 h4 50.
Ke3 Kf7 51. Kd4 Re7 52. Rc5 1-0

[Event "Vaujany"]
[Site "?"]
[Date "2012.07.19"]
[Round "8.17"]
[White "Viennot"]
[Black "Deleva, Michael"]
[Result "1/2-1/2"]
[WhiteElo "2149"]
[BlackElo "2255"]
[PlyCount "40"]
[EventDate "2012.07.20"]
[SourceDate "2012.07.12"]
[WhiteTeamCountry "IND"]
[BlackTeamCountry "URS"]

1. e4 d6 2. d4 Nf6 3. Nc3 e5 4. dxe5 dxe5 5. Qxd8+ Kxd8 6. Bc4 Ke8 7. Nf3 Bd6
8. Bg5 c6 9. O-O-O Bc7 10. h3 Nbd7 11. Rhe1 b5 12. Bb3 a5 13. a4 b4 14. Nb1 Nc5
15. Nbd2 Nfd7 16. Be3 (16. Re3) 16... h6 17. Nh4 g6 18. g4 Bb6 19. Ng2 Ke7 20.
g5 h5 {...} 1/2-1/2

[Event "Vaujany"]
[Site "?"]
[Date "2012.07.19"]
[Round "8.18"]
[White "Gonella, Daniele"]
[Black "Skinke, Katrina"]
[Result "1-0"]
[WhiteElo "2121"]
[BlackElo "2238"]
[PlyCount "71"]
[EventDate "2012.07.20"]
[SourceDate "2012.07.12"]
[WhiteTeamCountry "IND"]
[BlackTeamCountry "URS"]

1. e4 d5 2. exd5 Qxd5 3. Nc3 Qd6 4. d4 Nf6 5. Nf3 a6 6. Bc4 b5 7. Bb3 Bb7 8.
O-O e6 9. Re1 Be7 10. Ne5 O-O 11. Bf4 Qd8 12. Qe2 Nd5 13. Bg3 c6 14. Nxd5 cxd5
15. c3 Nd7 16. Bc2 Nf6 17. Qd3 g6 18. Bf4 Re8 19. Qf3 Kg7 20. Bh6+ Kg8 21. Re3
Bf8 22. Bg5 Be7 23. Qf4 Rf8 24. Bh6 Nh5 25. Qg4 Ng7 26. Bxg7 Kxg7 27. Rh3 f5
28. Rxh7+ Kxh7 29. Qxg6+ Kh8 30. Qh6+ Kg8 31. Qxe6+ Kg7 32. Qg6+ Kh8 33. Bxf5
Rxf5 34. Qxf5 Bc8 35. Qh5+ Kg8 36. Qf7+ 1-0

[Event "Vaujany Principal"]
[Site "Villaz"]
[Date "2012.07.19"]
[Round "8.19"]
[White "Van Foreest, Jorden"]
[Black "Coppola, Federico"]
[Result "1-0"]
[WhiteElo "2209"]
[BlackElo "1844"]
[Annotator "Jean-pierre,LEES"]
[PlyCount "48"]
[SourceDate "2012.07.12"]
[WhiteTeamCountry "IND"]
[BlackTeamCountry "URS"]
[TimeControl "240+2"]

{1024MB, Fritz8.ctg
} 1. c4 c5 2. g3 g6 3. Bg2 Bg7 4. Nc3 Nc6 5. d3 d6 6. e3
Nf6 7. Nge2 O-O 8. O-O Rb8 9. Rb1 Bf5 10. a3 Qd7 11. Nf4 a6 12. b4 cxb4 13.
axb4 b5 14. cxb5 axb5 15. Ncd5 Nxd5 16. Nxd5 Ne5 17. e4 Bg4 18. f3 Be6 19. Nf4
Nc6 20. Be3 Bc3 21. Nxe6 fxe6 22. f4 Bxb4 23. d4 Bc3 24. f5 e5 $4 1-0

[Event "Vaujany"]
[Site "?"]
[Date "2012.07.19"]
[Round "8.20"]
[White "Veys, Vincent"]
[Black "Moal, Alain"]
[Result "1-0"]
[WhiteElo "2051"]
[BlackElo "2175"]
[PlyCount "27"]
[EventDate "2012.07.20"]
[SourceDate "2012.07.12"]
[WhiteTeamCountry "IND"]
[BlackTeamCountry "URS"]

1. e4 c5 2. Nf3 Nc6 3. Bb5 e6 4. Bxc6 bxc6 5. b3 f6 6. Ba3 Nh6 7. d4 cxd4 8.
Bxf8 Rxf8 9. Qxd4 Nf7 10. O-O d5 11. Qd3 g6 12. c4 Qa5 13. Nc3 Bb7 14. Rad1 {
...} 1-0

[Event "Vaujany Principal"]
[Site "Villaz"]
[Date "2012.07.19"]
[Round "8.22"]
[White "Hourlier, Claire"]
[Black "Houard, Sebastien"]
[Result "0-1"]
[WhiteElo "1964"]
[BlackElo "2089"]
[Annotator "Jean-pierre,LEES"]
[PlyCount "48"]
[SourceDate "2012.07.12"]
[WhiteTeamCountry "IND"]
[BlackTeamCountry "URS"]
[TimeControl "240+2"]

{1024MB, Fritz8.ctg
} 1. e4 e5 2. Bc4 Nc6 3. d3 Bc5 4. Nc3 d6 5. f4 Nf6 6. f5
Na5 7. Bb3 Nxb3 8. axb3 d5 9. exd5 Nxd5 10. Qe2 O-O 11. Nxd5 Qxd5 12. f6 Bf5
13. Be3 Bb4+ 14. Bd2 Bxd2+ 15. Qxd2 gxf6 16. O-O-O a5 17. Qf2 Bg6 18. Ne2 b5
19. Nc3 Qc6 20. g4 a4 21. h4 h6 22. Rdf1 axb3 23. h5 Bh7 24. Qxf6 Ra1+ {
25 Rd2 Dxf6 26 Txf6 Txh1} 0-1

[Event "Vaujany Principal"]
[Site "Villaz"]
[Date "2012.07.19"]
[Round "8.21"]
[White "Vledouts"]
[Black "Delorme, Laurie"]
[Result "*"]
[WhiteElo "2035"]
[BlackElo "2171"]
[Annotator "Jean-pierre,LEES"]
[PlyCount "83"]
[SourceDate "2012.07.12"]
[WhiteTeamCountry "IND"]
[BlackTeamCountry "URS"]
[TimeControl "240+2"]

{1024MB, Fritz8.ctg
} 1. c4 e5 2. Nc3 Nf6 3. Nf3 Nc6 4. e3 Bb4 5. Qc2 O-O 6.
Nd5 Re8 7. Qf5 d6 8. Nxf6+ gxf6 9. Qh5 e4 10. Nd4 Re5 11. Qh4 d5 12. a3 Bf8 13.
Nxc6 bxc6 14. b3 (14. h3 Rg5 15. f3 Rb8 16. fxe4 Rg4) 14... Rg5 15. f3 Rb8 16.
fxe4 Rg4 17. Qf2 Rxb3 18. exd5 cxd5 19. Be2 Rg5 20. cxd5 Qxd5 21. O-O Bd6 22.
d4 Rf5 23. Bf3 Qe6 24. e4 Rfxf3 25. gxf3 Ba6 26. Qg2+ Kf8 27. Bh6+ Ke7 28. Rfb1
Rd3 29. e5 (29. Rb8 $142) 29... fxe5 30. dxe5 Bc5+ 31. Kh1 Qxh6 32. Rd1 Rxd1+
33. Rxd1 Bb7 34. Qg4 Bc6 35. h3 Bxa3 36. Kh2 f6 37. exf6+ Qxf6 38. Re1+ Kf7 39.
Qc4+ Kf8 40. Re6 Bd6+ 41. Kg1 Qg5+ 42. Kf2 *

[Event "Vaujany"]
[Site "?"]
[Date "2012.07.19"]
[Round "8.23"]
[White "Neuhauser, Salome"]
[Black "Gombos, Bettina"]
[Result "0-1"]
[WhiteElo "2067"]
[BlackElo "1966"]
[PlyCount "56"]
[EventDate "2012.07.20"]
[SourceDate "2012.07.12"]
[WhiteTeamCountry "IND"]
[BlackTeamCountry "URS"]

1. e4 c5 2. Nf3 e6 3. g3 a6 4. Bg2 b5 5. O-O Bb7 6. d3 Nc6 7. Re1 Nf6 8. Nbd2
Be7 9. c3 d5 10. e5 Nd7 11. Nf1 Qc7 12. Bf4 O-O 13. h4 Rfd8 14. Qe2 a5 15. N1h2
b4 16. Ng5 h6 17. Qh5 hxg5 18. hxg5 Nf8 19. Ng4 Ng6 20. Nf6+ gxf6 21. gxf6 Nxf4
22. Qh6 Bf8 23. Qxf4 Kh7 24. Bxd5 Rxd5 25. Kg2 Nxe5 26. Rh1+ Kg6 27. Kf1 Rxd3
28. Rh8 Qd6 0-1

[Event "Vaujany"]
[Site "?"]
[Date "2012.07.20"]
[Round "8.24"]
[White "Deleva, Mathias"]
[Black "De Lagontrie, Jean"]
[Result "1-0"]
[WhiteElo "2061"]
[BlackElo "1868"]
[PlyCount "49"]
[EventDate "2012.07.20"]
[SourceDate "2012.07.12"]
[WhiteTeamCountry "IND"]
[BlackTeamCountry "URS"]

1. e4 c5 2. b3 Nc6 3. Bb2 d6 4. Bb5 Bd7 5. f4 e6 6. Nf3 a6 7. Bxc6 Bxc6 8. d3
Nf6 9. O-O Be7 10. Nbd2 O-O 11. Qe1 d5 12. Ne5 Rc8 13. Qg3 Ne8 14. f5 Bf6 15.
fxe6 fxe6 16. Ng4 Kh8 17. Rf3 d4 18. Raf1 Nc7 19. Nc4 Qe7 20. Bc1 e5 21. Ncxe5
Ne6 22. Nxc6 bxc6 23. Nxf6 gxf6 24. Qh4 Rf7 25. e5 1-0

[Event "Vaujany Principal"]
[Site "Villaz"]
[Date "2012.07.19"]
[Round "8.25"]
[White "Abdesselem, A."]
[Black "Soyer, Jean-Yves"]
[Result "0-1"]
[WhiteElo "1875"]
[BlackElo "2056"]
[Annotator "Jean-pierre,LEES"]
[PlyCount "88"]
[SourceDate "2012.07.12"]
[WhiteTeamCountry "IND"]
[BlackTeamCountry "URS"]
[TimeControl "240+2"]

{1024MB, Fritz8.ctg
} 1. e4 c5 2. Nf3 d6 3. d4 cxd4 4. Nxd4 Nf6 5. Nc3 a6 6.
Be2 e5 7. Nb3 Be7 8. Be3 Be6 9. Nd5 Nbd7 10. Qd3 Rc8 11. O-O Bxd5 12. exd5 Nb6
13. Na5 Qc7 14. Bxb6 Qxb6 15. Nc4 Qc7 16. a4 O-O 17. Ne3 g6 18. a5 Nd7 19. b4
f5 20. c4 e4 21. Qb1 Bf6 22. Ra3 Be5 23. f4 exf3 24. Rxf3 Rce8 25. Qd3 Bb2 26.
Rb3 Ne5 27. Qd2 Nxf3+ 28. Bxf3 Be5 29. Qd3 Qg7 30. Nc2 g5 31. b5 g4 32. Bd1 f4
33. c5 dxc5 34. bxa6 bxa6 35. Qxa6 f3 36. g3 Qg5 37. Qd3 f2+ 38. Kf1 Qh6 39. h4
gxh3 40. Rb6 Qg5 41. d6 Qxg3 42. Qxg3+ Bxg3 43. d7 Re1+ 44. Nxe1 fxe1=Q# 0-1

[Event "Vaujany Principal"]
[Site "Villaz"]
[Date "2012.07.19"]
[Round "8.26"]
[White "N'Guyen, Emilien"]
[Black "Weisz, Jacques"]
[Result "1-0"]
[WhiteElo "2027"]
[BlackElo "1809"]
[Annotator "Jean-pierre,LEES"]
[PlyCount "113"]
[SourceDate "2012.07.12"]
[WhiteTeamCountry "IND"]
[BlackTeamCountry "URS"]
[TimeControl "240+2"]

{1024MB, Fritz8.ctg
} 1. d4 d5 2. c4 Nf6 3. cxd5 Nxd5 4. Nf3 e6 5. e4 Nf6 6.
Nc3 Be7 7. Bc4 c6 8. O-O O-O 9. Bg5 Nbd7 10. e5 Nd5 11. Bxd5 Bxg5 12. Nxg5 Qxg5
13. f4 Qe7 14. Be4 f5 15. Bc2 Nb6 16. Rb1 Bd7 17. b4 Nd5 18. Nxd5 cxd5 19. Qd2
Rac8 20. Rfc1 Rc7 21. Bd3 Rfc8 22. Rc5 b6 23. Rxc7 Rxc7 24. Rb3 Qd8 25. Rc3
Rxc3 26. Qxc3 Qc8 27. Qa3 Qc7 28. b5 Bc8 29. Kf2 Kf7 30. Ke3 Bd7 31. Kd2 Bc8
32. h3 Qe7 33. Qc3 Bb7 34. Be2 g5 35. g4 gxf4 36. gxf5 exf5 37. a3 Ke6 38. Qf3
Qg5 39. Qh5 Qg6 40. Qh4 Kd7 41. Qxf4 Ke6 42. h4 h6 43. Qf3 Qg1 44. Qe3 Qg7 45.
Qc3 Qe7 46. Qg3 Qf7 47. h5 Bc8 48. Qg6+ Qxg6 49. hxg6 Bd7 50. Ke3 Be8 51. Bh5
Ke7 52. g7 Bf7 53. Kf4 Ke6 54. Bg6 Bg8 55. a4 Ke7 56. Kxf5 Be6+ 57. Kf4 1-0